00546nam a2200145Ia 4500008004100000020001800041082002400059100003100083245009200114250001100206260003900217300001000256440002600266650010800292120622s9999 xx 000 0 und d a970-676-872-6 a336.2714 S211a 2006 aSánchez Miranda, Arnulfo aAplicación práctica del Impuesto al Valor Agregado 2006 / Arnulfo Sánchez Miranda a2a. ed aMéxico : Ediciones Fiscales ISEF a215 p aLínea universitaria a1. IMPUESTO SOBRE EL VALOR AGREGADO - LEGISLACION - MEXICO 2. DERECHO FISCAL - LEGISLACION - MEXICOÌ